| 000 | 00810cam a2200301 i 4500 | ||
|---|---|---|---|
| 999 |
_c200448130 _d66342 |
||
| 001 | 73928 | ||
| 003 | TR-AnTOB | ||
| 005 | 20240417155601.0 | ||
| 007 | ta | ||
| 008 | 090224s2010 tu tur | ||
| 020 | _a9789279056161 | ||
| 040 |
_aTR-AnTOB _cTR-AnTOB _beng _erda |
||
| 041 | 0 | _atur | |
| 050 | _aHC241.2 | ||
| 090 |
_aHC241.2 _b.F735 2010 |
||
| 100 |
_aFontaine, Pascal _952545 |
||
| 245 | 0 |
_aAB nedir? / _cPascal Fontaine. |
|
| 264 | 1 |
_aBürüksel : _bAvrupa Komisyonu Türkiye Delegasyonu, _c2010. |
|
| 264 | 4 | _c©2014 | |
| 300 |
_a78 pages : _billustrations ; _c24 cm |
||
| 336 |
_2rdacontent _atext _btxt |
||
| 337 |
_2rdamedia _aunmediated _bn |
||
| 338 |
_2rdacarrier _avolume _bnc |
||
| 520 | _aEurope in 12 lessons | ||
| 610 | 0 |
_aAvrupa Birliği _920814 |
|
| 942 |
_cBK _2lcc |
||